[Event "Cairo Al Ain op"]
[Site "Cairo"]
[Date "2023.11.28"]
[Round "2"]
[White "Youssef, Patrick"]
[Black "Hassan, Sayed Barakat"]
[Result "0-1"]
[WhiteElo "1662"]
[BlackElo "2267"]
[PlyCount "70"]
[EventDate "2023.11.27"]
[EventType "swiss"]
[EventRounds "10"]
[EventCountry "EGY"]
[SourceTitle "CB49_2023"]
[SourceDate "2023.12.06"]
[SourceVersion "1"]
[SourceVersionDate "2023.12.06"]
[SourceQuality "1"]

1. d4 Nf6 2. Nf3 d6 3. c4 Bg4 4. Nc3 Nbd7 5. e4 e5 6. Be2 Be7 7. 0-0 0-0 8. Be3 Re8 9. d5 c6 10. Rc1 a6 11. b4 cxd5 12. exd5 Rc8 13. Nd2 Bxe2 14. Qxe2 g6 15. Nb3 b6 16. a4 Nh5 17. a5 Nf4 18. Qd2 Rxc4 19. axb6 Rxb4 20. Na5 Rxb6 21. Nc6 Qa8 22. Bxb6 Nxb6 23. Qa2 Bf8 24. Qa5 Nd7 25. Na4 Ne2+ 26. Kh1 Nxc1 27. Rxc1 Qb7 28. h3 e4 29. Rc4 Qb5 30. Rb4 Qf1+ 31. Kh2 Qxf2 32. Qc7 Bh6 33. Rb1 Bf4+ 34. Kh1 Ne5 35. Qxd6 Qg3 0-1

[Event "Al Ain op 2nd"]
[Site "Al Ain"]
[Date "2013.12.23"]
[Round "5"]
[White "Sosovicka, Juraj"]
[Black "Hassan, Sayed Barakat"]
[Result "0-1"]
[WhiteElo "2188"]
[BlackElo "2341"]
[PlyCount "66"]
[EventDate "2013.12.19"]
[EventType "swiss"]
[EventRounds "9"]
[EventCountry "UAE"]
[SourceTitle "CBM 158 Extra"]
[Source "ChessBase"]
[SourceDate "2014.02.28"]
[SourceVersion "1"]
[SourceVersionDate "2014.02.28"]
[SourceQuality "1"]

1. e4 e6 2. d4 d5 3. Nd2 a6 4. c3 c5 5. exd5 exd5 6. Bd3 cxd4 7. cxd4 Nc6 8. Nb3 Bd6 9. Ne2 Qh4 10. g3 Qh3 11. Nf4 Bxf4 12. Bxf4 Bg4 13. f3 Bh5 14. Qe2+ Nge7 15. g4 Bg6 16. Bxg6 hxg6 17. 0-0-0 0-0 18. Kb1 Nc8 19. Qf1 Qh7 20. g5 Qh4 21. Be3 Nd6 22. Qf2 Qh3 23. Qg3 Qf5+ 24. Ka1 Nb4 25. Rc1 Nc4 26. Qf2 Nd3 27. Qe2 Nxc1 28. Bxc1 Rfe8 29. Qf2 Qd3 30. Nc5 Qe2 31. Qg3 b6 32. Nb3 a5 33. a4 Re3 0-1

[Event "Cairo zt 4.2"]
[Site "Cairo"]
[Date "2013.05.06"]
[Round "8"]
[White "Shoker, Samy"]
[Black "Hassan, Sayed Barakat"]
[Result "1-0"]
[WhiteElo "2480"]
[BlackElo "2363"]
[PlyCount "61"]
[EventDate "2013.04.30"]
[EventType "tourn"]
[EventRounds "9"]
[EventCountry "EGY"]
[EventCategory "2"]
[SourceTitle "CBM 154 Extra"]
[Source "ChessBase"]
[SourceDate "2013.06.25"]
[SourceVersion "2"]
[SourceVersionDate "2013.06.25"]
[SourceQuality "1"]

1. Nf3 Nf6 2. g3 c5 3. Bg2 Nc6 4. 0-0 e5 5. d3 d5 6. c3 h6 7. Qc2 Bf5 8. Nbd2 c4 9. Qa4 cxd3 10. Nxe5 dxe2 11. Re1 Bd6 12. Nxc6 Qd7 13. Rxe2+ Be6 14. Nb3 Qxc6 15. Qh4 0-0-0 16. Qd4 Qc4 17. Qd1 b6 18. Nd4 Bd7 19. b3 Qc7 20. a4 Bc5 21. Bf4 Bd6 22. Be3 Bc5 23. Bf4 Qb7 24. b4 g5 25. Be5 Be7 26. a5 Bg4 27. f3 Be6 28. axb6 Qxb6 29. Rea2 Rd7 30. Ra6 Qb7 31. Nc6 1-0

[Event "Cairo zt 4.2"]
[Site "Cairo"]
[Date "2013.05.02"]
[Round "4"]
[White "Hassan, Sayed Barakat"]
[Black "Ndikumana, Yves"]
[Result "1-0"]
[WhiteElo "2363"]
[BlackElo "2088"]
[PlyCount "65"]
[EventDate "2013.04.30"]
[EventType "tourn"]
[EventRounds "9"]
[EventCountry "EGY"]
[EventCategory "2"]
[SourceTitle "CBM 154 Extra"]
[Source "ChessBase"]
[SourceDate "2013.06.25"]
[SourceVersion "2"]
[SourceVersionDate "2013.06.25"]
[SourceQuality "1"]

1. e4 c5 2. Nc3 Nc6 3. Bb5 Nd4 4. Nf3 Nxb5 5. Nxb5 a6 6. Nc3 d6 7. d4 cxd4 8. Qxd4 e5 9. Qd3 h6 10. Be3 Nf6 11. 0-0 Be6 12. a4 Rc8 13. Nd2 Be7 14. Nd5 0-0 15. c4 Nd7 16. b4 f5 17. f3 Bg5 18. exf5 Bxf5 19. Ne4 Kh8 20. Rad1 Qe8 21. Bxg5 hxg5 22. Ne3 Bxe4 23. fxe4 Rf6 24. Nf5 Qh5 25. Nxd6 Rcf8 26. Nf5 R8f7 27. Qh3 Qxh3 28. gxh3 Rb6 29. Nd6 Rf4 30. b5 a5 31. Rd2 Nc5 32. Rfd1 Kh7 33. Rd5 1-0

[Event "Zgazig Sharkia op 3rd"]
[Site "Zgazig"]
[Date "2013.03.17"]
[Round "8"]
[White "Ameir, Moheb"]
[Black "Hassan, Sayed Barakat"]
[Result "0-1"]
[WhiteElo "2271"]
[BlackElo "2353"]
[PlyCount "59"]
[EventDate "2013.03.10"]
[EventType "swiss"]
[EventRounds "9"]
[EventCountry "EGY"]
[SourceTitle "CBM 153 Extra"]
[Source "ChessBase"]
[SourceDate "2013.04.22"]
[SourceVersion "1"]
[SourceVersionDate "2013.04.22"]
[SourceQuality "1"]

1. e4 e6 2. d4 d5 3. Nc3 Bb4 4. exd5 exd5 5. Bd3 c6 6. Nge2 Bg4 7. 0-0 Ne7 8. f3 Bf5 9. Ng3 Bg6 10. Nce2 Nd7 11. Bf4 Nb6 12. b3 Bd6 13. Re1 0-0 14. Bxd6 Qxd6 15. f4 f5 16. c3 Nd7 17. Qc2 Rac8 18. Nf1 Nf6 19. Nd2 Bh5 20. g3 Ne4 21. Kg2 Qh6 22. Ng1 g5 23. fxg5 Nxg5 24. Rf1 Ne4 25. Ndf3 f4 26. Qc1 Qg7 27. Bxe4 dxe4 28. Ne5 f3+ 29. Kf2 Nf5 30. Re1 0-1

[Event "Al Ain op 1st"]
[Site "Al Ain"]
[Date "2012.12.28"]
[Round "8"]
[White "Hassan, Sayed Barakat"]
[Black "Yasseen, Aly"]
[Result "1/2-1/2"]
[WhiteElo "2347"]
[BlackElo "2280"]
[PlyCount "137"]
[EventDate "2012.12.22"]
[EventType "swiss"]
[EventRounds "9"]
[EventCountry "UAE"]
[SourceTitle "CBM 152 Extra"]
[Source "ChessBase"]
[SourceDate "2013.02.25"]
[SourceVersion "1"]
[SourceVersionDate "2013.02.25"]
[SourceQuality "1"]

1. e4 c5 2. Nc3 Nc6 3. Bb5 g6 4. Bxc6 dxc6 5. d3 Bg7 6. f4 Nf6 7. Nf3 Bg4 8. 0-0 0-0 9. Qe1 Bxf3 10. Rxf3 Nd7 11. e5 f5 12. Be3 e6 13. Rd1 Rf7 14. Na4 Bf8 15. c4 Be7 16. d4 cxd4 17. Bxd4 Qc7 18. Rfd3 b5 19. Bf2 Bf8 20. cxb5 cxb5 21. Nc3 a6 22. Qd2 Nc5 23. Bxc5 Qxc5+ 24. Kh1 Rc7 25. Ne2 Qf2 26. Nd4 Qxd2 27. R3xd2 Kf7 28. g3 Be7 29. Nf3 h6 30. Kg2 Rac8 31. Nd4 Bb4 32. Rd3 Rd8 33. a3 Be7 34. Nf3 Rxd3 35. Rxd3 g5 36. h3 gxf4 37. gxf4 Rc2+ 38. Rd2 Rxd2+ 39. Nxd2 Ke8 40. Kf3 Kd7 41. Ke3 Kc6 42. Nf3 Kd5 43. Kd3 Bc5 44. Nh4 a5 45. Nf3 a4 46. h4 h5 47. Ng5 Bg1 48. Nh7 Bf2 49. Nf6+ Kc6 50. Nxh5 Bxh4 51. Ng7 Kd5 52. Ne8 Bd8 53. Nf6+ Kc6 54. b3 axb3 55. Kc3 Bb6 56. Kxb3 Be3 57. Nh5 Bc1 58. a4 bxa4+ 59. Kxa4 Kd5 60. Kb5 Bxf4 61. Nxf4+ Kxe5 62. Nd3+ Kd4 63. Nf4 e5 64. Ne6+ Kd3 65. Kc5 f4 66. Kd5 f3 67. Nc5+ Ke3 68. Ne4 Kf4 69. Nf2 1/2-1/2

[Event "Al Ain op 1st"]
[Site "Al Ain"]
[Date "2012.12.27"]
[Round "6"]
[White "Hassan, Sayed Barakat"]
[Black "El Gindy, Essam"]
[Result "0-1"]
[WhiteElo "2347"]
[BlackElo "2486"]
[PlyCount "96"]
[EventDate "2012.12.22"]
[EventType "swiss"]
[EventRounds "9"]
[EventCountry "UAE"]
[SourceTitle "CBM 152 Extra"]
[Source "ChessBase"]
[SourceDate "2013.02.25"]
[SourceVersion "1"]
[SourceVersionDate "2013.02.25"]
[SourceQuality "1"]

1. e4 c5 2. Nc3 e6 3. g3 d5 4. d3 dxe4 5. Nxe4 Be7 6. Bg2 Nf6 7. Qe2 Nc6 8. Nf3 0-0 9. 0-0 h6 10. Nxf6+ Bxf6 11. c3 e5 12. Be3 Bf5 13. Rfd1 Qd6 14. Nd2 Qxd3 15. Qxd3 Bxd3 16. Bxc5 Rfd8 17. Ne4 Be7 18. Bxe7 Nxe7 19. Nc5 Be2 20. Bxb7 Bxd1 21. Bxa8 Be2 22. Bg2 Rd2 23. b3 f5 24. c4 e4 25. Bf1 Bxf1 26. Kxf1 Nc6 27. Ke1 Rc2 28. g4 e3 29. gxf5 exf2+ 30. Kf1 Ne5 31. h3 Nf3 32. Kg2 Nh2 33. Rf1 Nxf1 34. Kxf1 Rxa2 35. Nd3 a5 36. Ne5 Kf8 37. c5 Ke7 38. Kg2 Kd8 39. Nc4 Kc7 40. Nd6 Kd7 41. Kf1 Rc2 42. Nb7 Ra2 43. Nd6 Rb2 44. Nc4 Rxb3 45. Nxa5 Rxh3 46. Kxf2 Rh5 47. Ke3 Rxf5 48. Kd4 h5 0-1

[Event "Al Ain op 1st"]
[Site "Al Ain"]
[Date "2012.12.23"]
[Round "2"]
[White "Hassan, Sayed Barakat"]
[Black "Bakre, Tejas"]
[Result "0-1"]
[WhiteElo "2347"]
[BlackElo "2492"]
[PlyCount "102"]
[EventDate "2012.12.22"]
[EventType "swiss"]
[EventRounds "9"]
[EventCountry "UAE"]
[SourceTitle "CBM 152 Extra"]
[Source "ChessBase"]
[SourceDate "2013.02.25"]
[SourceVersion "1"]
[SourceVersionDate "2013.02.25"]
[SourceQuality "1"]

1. e4 c5 2. Nc3 Nc6 3. f4 g6 4. Nf3 Bg7 5. Bb5 Nd4 6. 0-0 a6 7. Bd3 d6 8. Nxd4 cxd4 9. Ne2 Nf6 10. Kh1 0-0 11. c3 dxc3 12. dxc3 b6 13. Qe1 Bb7 14. Ng1 Rc8 15. Nf3 Rc5 16. f5 Qa8 17. Be3 Rcc8 18. Bxb6 Bxe4 19. Bxe4 Qxe4 20. fxg6 hxg6 21. Qf2 Qb7 22. Rab1 Rc4 23. Be3 Rg4 24. Nd2 Ra4 25. a3 Ng4 26. Qf3 Qxf3 27. Rxf3 Rb8 28. Bg5 Ne5 29. Rff1 f6 30. Be3 Nd3 31. b3 Rxa3 32. Ra1 Rxa1 33. Rxa1 f5 34. Bd4 Bh6 35. Nf1 Rxb3 36. Rxa6 Nf4 37. g3 Rb1 38. Kg1 Ne2+ 39. Kf2 Nxd4 40. cxd4 Rd1 41. Ra4 Bg7 42. Ne3 Rxd4 43. Ra7 Kf7 44. Kf3 Rd2 45. Nc4 Rd4 46. Ne3 Bh6 47. Ng2 Rd3+ 48. Ke2 Rd2+ 49. Kf3 Kf6 50. h3 e5 51. g4 Rd3+ 0-1